000 00705nam a22001937a 4500
003 UA-OsUOA
001 10282
007 ta
008 20050117b un ||||| |||| 00| 0 ukr d
942 _cSA
040 _aUA-OsUOA
_bukr
_cUA-OsUOA
_dUA-OsUOA
245 _aПро затвердження типових форм первинного обліку об'єктів права інтелектуальної власності у складі нематеріальних активів
300 _aС.5
955 _a0
041 _aukr
044 _aUA
773 0 _w0
_tБухгалтерський облік і аудит
_dК.
_d2004
_gN12
650 7 _aБухгалтерський облік
_2UDC
999 _c296443
_d296443